000 00488nam a2200181 a 4500
001 95
003 CO-ViMGA
008 141112s2004 ck r 000 u spa d
040 _aCO-ViMGA
_bspa
_cCO-ViMGA
082 _aCOAg
100 1 _aCoatsworth, Elizabeth
_96155
245 1 0 _aLa gata que se fue para el cielo /
_cElizabeth Coatsworth
260 _aBogotá :
_bNorma,
_c1992
300 _a102 p : il
490 _aTorre de papel
650 1 4 _aCUENTOS INFANTILES
_92743
942 _2ddc
_cBK
999 _c11279
_d11279